Score 0/25 Timer 08:00
1 Play Today
Number Movie % Correct
12The Shawshank Redemption
86.1%
182001: A Space Odyssey
70.5%
5The Shining
67.7%
25Soylent Green
58.3%
11The Terminator
58%
19National Lampoon's Vacation
57.8%
3Total Recall
55.3%
2Die Hard
44.3%
10Alien
43.1%
4Blade Runner
40.3%
24Fight Club
38.5%
8Robocop
36.5%
21Bill and Ted's Excellent Adventure/Bogus Journey
35.8%
Number Movie % Correct
9Shaun of the Dead
34%
14The Silence of the Lambs
30.8%
22Indiana Jones and the Temple of Doom
24.1%
7Eternal Sunshine of the Spotless Mind
21.9%
23Enter the Dragon
21.8%
6An American Werewolf in London
18%
16Hot Fuzz
16%
15A Clockwork Orange
11.8%
1The Wicker Man
11.3%
20Big Trouble in Little China
8.9%
13This is Spinal Tap
7.4%
17The Italian Job
6.5%
Remove Ads.
Support Sporcle.
Get the best of Sporcle when you Go Orange. This ad-free experience offers more features, more stats, and more fun while also helping to support Sporcle. Thank you for becoming a member.

You're not logged in!

Compare scores with friends on all Sporcle quizzes.
OR
Log In

Sporcle TV

Today on Sporcle TV


Watch our educational content, quiz creation guides, and fun videos on Sporcle TV.

Show Comments

Extras

Top Quizzes Today


Score Distribution

Paid Content

Your Account Isn't Verified!

In order to create a playlist on Sporcle, you need to verify the email address you used during registration. Go to your Sporcle Settings to finish the process.

Report this User

Report this user for behavior that violates our Community Guidelines.

Details: